|
|
|
|
| LEADER |
00867nam a22002171 4500 |
| 001 |
c000349514 |
| 003 |
CARM |
| 005 |
00000000000000.0 |
| 008 |
851003s1940 ilu 00000 eng d |
| 019 |
1 |
|
|a 3996434
|z 28297083
|5 LACONCORD2021
|
| 035 |
|
|
|a (OCoLC)3283735
|5 LACONCORD2021
|
| 100 |
1 |
|
|a David, Wade Dewood.
|
| 245 |
1 |
0 |
|a European diplomacy in the Near Eastern question, 1906-1909.
|
| 260 |
|
|
|a Urbana, Ill. :
|b Univ. of Illinois,
|c 1940.
|
| 490 |
0 |
|
|a Illinois studies in the social sciences ;
|v v. 25, no. 4
|
| 651 |
|
0 |
|a Balkan Peninsula
|x History.
|
| 651 |
|
0 |
|a Turkey
|x History
|y Ottoman Empire, 1288-1918.
|
| 852 |
8 |
|
|b CARM
|h A1:AO10F0
|i C09504
|p 0402224
|f BK
|
| 082 |
0 |
4 |
|a 949.6
|
| 999 |
f |
f |
|i 75ebebf6-ed5b-5642-abae-86f2a26dcaa3
|s 328ac360-7795-5637-b74b-b05782a1e6e8
|
| 952 |
f |
f |
|p Can circulate
|a CAVAL
|b CAVAL
|c CAVAL
|d CARM 1 Store
|e C09504
|f A1:AO10F0
|h Other scheme
|i book
|m 0402224
|